|
|
|
|
| LEADER |
00000nam a22000007a 4500 |
| 005 |
20140430230011.0 |
| 007 |
cr|||| |||| |
| 008 |
140430s2013 br |||||s|||| 00||0 por d |
| 020 |
|
|
|a 978-85-361-2835-1
|
| 035 |
|
|
|a 11905
|
| 040 |
|
|
|a vLex
|
| 090 |
|
|
|c 4873
|d 4873
|
| 100 |
1 |
|
|a Salomô, Karina Novah
|
| 245 |
1 |
2 |
|a A responsabilidade do empregador nas atividades derisco
|h [Recurso electrn̤ico] :
|b Incidn̊cia do parg̀rafo n︢ico do art. 927 do Cd̤igo Civil nas Relaė̳s de Trabalho /
|c Karina Novah Salomô
|
| 256 |
|
|
|a Servicio en ln̕ea
|
| 260 |
|
|
|a San Pablo:
|b LTR Editora,
|c 2013
|
| 300 |
|
|
|a 1 recurso electrn̤ico
|
| 506 |
1 |
|
|a Disponible solo en los productos indicados
|d vLex Global
|d vLex Global (Academic Edition, excluding Law Schools)
|d vLex Global (U.S. Academic Edition, Law Schools)
|d vLex Global (U.S. Academic Edition, excluding Law Schools)
|d vLex Global (Academic Edition, Law Schools)
|
| 650 |
0 |
4 |
|a Derecho Civil
|z Brasil
|
| 740 |
0 |
|
|a vLex Libros (Servicio en ln̕ea)
|
| 856 |
4 |
0 |
|u http://vlex.com/source/a-responsabilidade-do-empregador-nas-atividades-derisco-11905
|z Acceso restringido
|
| 942 |
|
|
|c BOOK
|
| 999 |
0 |
|
|a Civil Law
|